000 00418nam a2200169Ia 4500
005 20240823052734.0
008 240823s9999||||xx |||||||||||||| ||und||
041 _aENGLISH
082 _A621
100 _aPratheeba Publishers
245 0 _aB E Mechanical Engineering (Two Marks) Semester -VI
250 _a1st
260 _bpratheeba Publi
500 _aYES
650 _aMechanical
_bMechanical
942 _cBK
999 _c222573
_d222573